La Planificación social en América Latina /
Guardado en:
| Autor principal: | |
|---|---|
| Formato: | Texto |
| Etiquetas: |
Agregar Etiqueta
Sin Etiquetas, Sea el primero en etiquetar este registro!
|
MARC
| LEADER | 00000 a a2200000 04500 | ||
|---|---|---|---|
| 001 | 1816 | ||
| 003 | |||
| 040 | |||
| 100 | |a Vuskovic, Pedro | ||
| 245 | |a La Planificación social en América Latina / |c Pedro Vuskovic | ||
| 773 | |g número 3; página 36 | ||
| 999 | |c 40122 |d 40122 | ||
